Understanding Intercultural Interaction An Analysis of Key Concepts
Na minha lista:
| Autor principal: | |
|---|---|
| Formato: | Livro |
| Idioma: | inglês |
| Publicado em: |
Leeds
Emerald Publishing
2024
|
| Edição: | 2nd Edition |
| Assuntos: | |
| Tags: |
Sem tags, seja o primeiro a adicionar uma tag!
|
MARC
| LEADER | 00000nam a2200000 4500 | ||
|---|---|---|---|
| 001 | 0311393 | ||
| 005 | 20250814111607.8 | ||
| 020 | |a 978-1-83753-438-8 | ||
| 041 | 0 | |a eng | |
| 044 | |a GB | ||
| 245 | 1 | 0 | |a Understanding Intercultural Interaction |b An Analysis of Key Concepts |c by Frank Fitzpatrick |
| 250 | |a 2nd Edition | ||
| 264 | 1 | |a Leeds |b Emerald Publishing |c 2024 | |
| 300 | |a 359 s. | ||
| 500 | |a Emerald e-books. | ||
| 610 | 2 | 0 | |a kultúra |
| 610 | 2 | 0 | |a identita kultúrna |
| 610 | 2 | 0 | |a komunikácia interkultúrna |
| 610 | 2 | 0 | |a komunikácia multikultúrna |
| 610 | 2 | 0 | |a ruch cestovný |
| 100 | 1 | |a Fitzpatrick, Frank | |